| 000 | 00484nam a2200133 a 4500 | ||
|---|---|---|---|
| 001 | 000032328 | ||
| 005 | 20200930065601.0 | ||
| 008 | 110714s1895 dr 000 0 spa d | ||
| 040 |
_aDO-SdBNP _bspa _cBNPHU |
||
| 245 | 0 | 0 | _aMemoria que presenta al ciudadano presidente constitucional de la República, el secretario de Estado en los despachos de Hacienda y Comercio. |
| 260 |
_aSanto Domingo : _bImp.Cuna de América J. R. Roquez, _c1895. |
||
| 300 |
_a108 p. ; _c27 cm. |
||
| 049 | _aBNPD | ||
| 999 |
_c31819 _d31819 |
||